| 000 | 01401nam a22003497a 4500 | ||
|---|---|---|---|
| 999 |
_c21518 _d21518 |
||
| 003 | AR-CdUCM | ||
| 008 | 190220b ||||| |||| 00| 0 spa d | ||
| 020 | _a9786123170448 | ||
| 040 |
_aMUNICIPALIDAD PROVINCIAL DEL CUSCO _cBIBLIOTECA MUNICIPAL DEL CUSCO |
||
| 082 |
_a985.014/G83 _bG83 |
||
| 100 |
_aGruszczynska Ziólkowska, Anna _945198 |
||
| 245 |
_aDetrás del silencio : _bla música en la cultura Nasca / _cAnna Gruszczynska Ziólkowska ; [traducción, Francisco Javier Villaverde González] |
||
| 260 |
_aLima. _bPontificia Universidad Católica del Perú, _c2014. |
||
| 300 |
_a266 páginas. : _bilustraciones, mapas ; _c24 cm. |
||
| 440 |
_aColección Estudios Andinos, _n14. _945199 |
||
| 500 |
_zBibliografía: p. [241]-254. _a"Sociedad Polaca de Estudios Latinoamericanos" |
||
| 650 |
_aÉpoca Prehispánica _92714 |
||
| 650 |
_aCultura Nazca _945200 |
||
| 650 |
_aAntigüedades _930188 |
||
| 650 |
_aInstrumentos musicales _95853 |
||
| 650 |
_aMúsica peruana _913720 |
||
| 650 |
_aArqueología _9371 |
||
| 650 |
_aCerámica Nazca _942571 |
||
| 650 |
_aHistoria _945192 |
||
| 650 |
_aCahuachi, Sitio Ica _945201 |
||
| 650 |
_aPerú _945187 |
||
| 700 |
_aVillaverde González, Francisco Javier (traductor) _945202 |
||
| 700 |
_aCuratola Petrocchi, Marco (director) _945188 |
||
| 710 |
_aPontificia Universidad Católica del Perú _9400 |
||
| 942 |
_2ddc _cLIBROS |
||
| 945 | _aRoel | ||